Naturaleza y evolución de la sexualidad femenina / (Record no. 143909)

MARC details
000 -LEADER
campo de control de longitud fija 00709nam a2200217 4500
001 - NÚMERO DE CONTROL
campo de control 143909
003 - IDENTIFICADOR DE NÚMERO DE CONTROL
campo de control ES-MaACL
005 - FECHA Y HORA DE LA ÚLTIMA TRANSACCIÓN
campo de control 20231113191621.0
007 - CAMPO FIJO DE DESCRIPCIÓN FÍSICA--INFORMACIÓN GENERAL
campo de control de longitud fija t|
008 - DATOS DE LONGITUD FIJA--INFORMACIÓN GENERAL
campo de control de longitud fija 070214s1977 sp r ||||1| spa d
100 1# - ENTRADA PRINCIPAL--NOMBRE DE PERSONA
Nombre de persona Sherfey, Mary Jane.
9 (RLIN) 106095
245 10 - MENCIÓN DEL TÍTULO
Título Naturaleza y evolución de la sexualidad femenina /
Mención de responsabilidad, etc. Mary Jane Sherfey ; traducción de Gerardo Espinosa.
250 ## - MENCION DE EDICION
Mención de edición 2ª. ed.
260 ## - PUBLICACIÓN, DISTRIBUCIÓN, ETC.
Lugar de publicación, distribución, etc. Barcelona :
Nombre del editor, distribuidor, etc. Seix Barral,
Fecha de publicación, distribución, etc. 1977.
300 ## - DESCRIPCIÓN FÍSICA
Extensión 213 p. :
Otras características físicas il. ;
Dimensiones 20 cm.
490 1# - MENCIÓN DE SERIE
Mención de serie Breve biblioteca de respuestas
700 1# - ENTRADA AGREGADA--NOMBRE PERSONAL
Nombre de persona Espinosa, Gerardo.
9 (RLIN) 47883
830 0# - PUNTO DE ACCESO ADICIONAL DE SERIE-TÍTULO UNIFORME
Título uniforme Breve biblioteca de respuesta
9 (RLIN) 183536
852 ## - LOCALIZACIÓN
Ubicación ES-MaACL
Número de control de estantería A-7241
Sublocalización o colección R.96666
Holdings
Estatus retirado Estado de pérdida Estado de daño No para préstamo Biblioteca de origen Biblioteca actual Ubicación en estantería Fecha de adquisición Fuente de adquisición Total de préstamos Signatura topográfica completa Código de barras Visto por última vez Precio de reemplazo Tipo de ítem Koha
        Biblioteca del Ateneo de Madrid Biblioteca del Ateneo de Madrid Sala Pecera Planta 1 17/01/2008     A-7241 1149725 23/02/2023 23/02/2023 Libro impreso